000 00978nam a2200313 i 4500
001 15426
003 ES-MaACL
005 20250225063128.0
007 t|
008 000308s1999 sp |||| |dspa d
020 _a84-01-53033-4
080 _a929 García Lorca, Federico
080 _a929 Dalí, Salvador
100 1 _aGibson, Ian,
_d1939-
_956666
_eaut
245 1 0 _aLorca-Dalí :
_bel amor que no pudo ser /
_cIan Gibson.
250 _a1ª ed.
260 _aBarcelona :
_bPlaza & Janés,
_c1999.
300 _a366 p., 24 p. de lám. :
_bil. ;
_c22 cm.
490 1 _aAsí fue ;
_v30
504 _aBibliografía : p. 337-354.
600 1 4 _954854
_aGarcía Lorca, Federico,
_d1898-1936-
_xBiografías
600 1 4 _942483
_aDalí, Salvador
700 1 _aGarcía Lorca, Federico,
_d1898-1936
_954853
700 1 _aDalí, Salvador.
_942483
830 0 _aAsí fue ;
_v30
_9179780
852 _aES-MaACL
_jL-22479
942 _2udc
999 _c15426
_d15426